Lower or Upper Peninsula? - Statistics

General Stats
  • This quiz has been taken 66 times
  • The average score is 16 of 18
Answer Stats
Hint Answer % Correct
Larger population Lower
98%
Home to a national park Upper
95%
Contains the city of Lansing Lower
93%
Reliably votes Republican Upper
93%
Larger area Lower
92%
Is over 15% Finnish Upper
92%
Said to be shaped like a mitten Lower
90%
Contains the city of Marquette Upper
90%
Borders Wisconsin Upper
90%
Where Eminem is from Lower
89%
Home to North America's largest mosque Lower
89%
Borders Lake Erie Lower
87%
Contains the University of Michigan Lower
87%
Its residents are known as 'Yoopers' Upper
87%
Contains the city of Saginaw Lower
82%
Contains the Keweenaw Peninsula Upper
82%
Contains the Grand Traverse Bay Lower
77%
Has more lighthouses Lower
38%
No matching quizzes found
Score Distribution
Percent of People with Each Score
Percentile by Number Answered
Your Score History
You have not taken this quiz